00686nam a22002297a 450000500170000001000130001702000110003003500130004103700160005404000120007008200160008224501140009826000350021227000420024730000200028950000510030965000230036065000260038370000150040970000160042470000160044020170124110058.0 aA-711606 c600.00 aA-711606 bCen Lib/Ret aDPLbEN a635.04bPRO aPropagation of tropical and subtropical horticultural crops /cedited by T K Bose, S K Mitra [and] M K Sadhu  aCalcutta bNaya Prokash c1986 bCalcutta a206 Bidhan sarani e700006 a612p.c22cm(Hb) aIncludes bibliographical references and index  aPlant propagation. aTropical Subtropical. aBose, T K  aMitra, S K  aSadhu, M K